[Event "TUN-ch sf"]
[Site "Monastir"]
[Date "2024.03.24"]
[Round "6"]
[White "Taieb, Sahbi"]
[Black "Zenaidi, Mokhtar"]
[Result "1-0"]
[WhiteElo "2090"]
[BlackElo "1792"]
[PlyCount "78"]
[EventDate "2024.03.21"]
[EventType "swiss"]
[EventRounds "9"]
[EventCountry "TUN"]
[SourceTitle "CB15_2024"]
[SourceDate "2024.04.10"]
[SourceVersion "1"]
[SourceVersionDate "2024.04.10"]
[SourceQuality "1"]

1. a3 d5 2. d4 Nf6 3. Nf3 e6 4. e3 c5 5. b3 cxd4 6. exd4 Be7 7. Bd3 Nbd7 8. 0-0 b6 9. Nbd2 Bb7 10. Ne5 Nxe5 11. dxe5 Nd7 12. f4 0-0 13. Qh5 g6 14. Qh6 f5 15. exf6 Bxf6 16. Rb1 Nc5 17. Be2 Qc7 18. Bg4 Rae8 19. Bb2 Bxb2 20. Rxb2 Rf6 21. b4 Na4 22. Rb3 Qxc2 23. Rh3 Qc7 24. Qh4 Rf7 25. Re3 e5 26. fxe5 Rxf1+ 27. Nxf1 Rxe5 28. Rxe5 Qxe5 29. Qd8+ Kg7 30. Qd7+ Kh6 31. h3 Ba6 32. Qf7 Bxf1 33. Qf8+ Kg5 34. Qxf1 Nc3 35. Qc1+ Kf6 36. Qh6 Qc7 37. Qf8+ Kg5 38. Bf3 Qg3 39. Qe7+ Kf5 1-0

[Event "TUN-ch"]
[Site "Sousse"]
[Date "2019.05.12"]
[Round "7"]
[White "Taieb, Sahbi"]
[Black "Boudriga, Mohamed Ali"]
[Result "0-1"]
[WhiteElo "2125"]
[BlackElo "2340"]
[PlyCount "136"]
[EventDate "2019.05.06"]
[EventType "tourn"]
[EventRounds "11"]
[EventCountry "TUN"]
[SourceTitle "CBM 190 Extra"]
[Source "ChessBase"]
[SourceDate "2019.07.15"]
[SourceVersion "1"]
[SourceVersionDate "2019.07.15"]
[SourceQuality "1"]

1. e4 c5 2. Nf3 d6 3. d4 cxd4 4. Qxd4 a6 5. Be3 Nc6 6. Qb6 Qxb6 7. Bxb6 g6 8. Nc3 Nf6 9. 0-0-0 Bh6+ 10. Kb1 Bg4 11. Be2 0-0 12. h3 Bxf3 13. gxf3 Nd7 14. Be3 Bxe3 15. fxe3 Rfd8 16. h4 Nf6 17. Nd5 Kg7 18. Nxf6 Kxf6 19. h5 Rac8 20. f4 Rg8 21. Bg4 Rcd8 22. h6 e6 23. Rhf1 Ke7 24. Rf2 g5 25. Be2 gxf4 26. exf4 Rg6 27. Rh2 Rdg8 28. Bd3 Rg1 29. Kc1 e5 30. f5 Nb8 31. Bc4 Nd7 32. Bd5 b6 33. Rh3 Nf6 34. Bb7 a5 35. Rc3 Kd7 36. Bc6+ Kd8 37. Bb7 Kd7 38. Bc6+ Kd8 39. Bb7 Rxd1+ 40. Kxd1 Rg1+ 41. Ke2 Rh1 42. Rc6 Rxh6 43. Rxb6 Rh2+ 44. Kf3 Kc7 45. Rb5 Rxc2 46. Ba8 Kd8 47. Rxa5 Rxb2 48. Ra7 Ke8 49. Bc6+ Kf8 50. a4 Rc2 51. Bb7 Rc3+ 52. Kg2 h5 53. a5 h4 54. Ra8+ Kg7 55. Rc8 Ra3 56. a6 h3+ 57. Kh1 Ng4 58. Rc1 Ra2 59. Rf1 Kf6 60. Kg1 Kg5 61. f6 Kh4 62. Bc8 Rg2+ 63. Kh1 Nf2+ 64. Rxf2 Rxf2 65. Kg1 Ra2 66. Be6 fxe6 67. f7 h2+ 68. Kh1 Kg3 0-1

[Event "TUN-ch rapid"]
[Site "Sousse"]
[Date "2018.11.25"]
[Round "7"]
[White "Boudriga, Mohamed Ali"]
[Black "Taieb, Sahbi"]
[Result "1/2-1/2"]
[WhiteElo "2346"]
[BlackElo "2086"]
[PlyCount "141"]
[EventDate "2018.11.24"]
[EventType "swiss (rapid)"]
[EventRounds "9"]
[EventCountry "TUN"]
[SourceTitle "CBM 187 Extra"]
[Source "ChessBase"]
[SourceDate "2018.11.04"]
[SourceVersion "1"]
[SourceVersionDate "2018.11.04"]
[SourceQuality "1"]

1. e4 c5 2. Nf3 d6 3. g3 Nc6 4. Bg2 Nf6 5. d3 g6 6. 0-0 Bg7 7. Re1 0-0 8. h3 Rb8 9. Nbd2 b5 10. Nf1 b4 11. Ne3 a5 12. Nc4 Be6 13. e5 Nxe5 14. Nfxe5 dxe5 15. Nxe5 Bd5 16. Bxd5 Qxd5 17. Nc4 Qd8 18. Bf4 Ra8 19. Qf3 Nd5 20. Bd6 Bxb2 21. Bxe7 Nxe7 22. Nxb2 Nf5 23. Rac1 Nd4 24. Qg2 Re8 25. f4 a4 26. Nc4 Ra7 27. Re5 Rxe5 28. fxe5 Qg5 29. Rf1 Re7 30. Kh2 Nf5 31. Rf4 Re6 32. Qf2 Qe7 33. Qg2 Nd4 34. Qa8+ Kg7 35. Qxa4 Qg5 36. Qa7 Nf5 37. Rf3 Qc1 38. Qxc5 Qxc2+ 39. Qf2 Qxf2+ 40. Rxf2 Ra6 41. g4 Nd4 42. Nd6 Ra7 43. Kg3 Nc6 44. Kf4 Re7 45. Nc4 Rd7 46. Ke4 Rd4+ 47. Ke3 Rd5 48. Ke4 Rd4+ 49. Ke3 Rd5 50. Rf4 Nxe5 51. Nxe5 Rxe5+ 52. Re4 Rb5 53. Kd4 Ra5 54. Re2 Ra3 55. Rd2 b3 56. axb3 Rxb3 57. Ke5 Ra3 58. h4 Kf8 59. Kf6 Ra6+ 60. Kg5 Kg7 61. d4 h6+ 62. Kf4 Kf6 63. Ke4 Ke6 64. Rb2 f5+ 65. gxf5+ gxf5+ 66. Kf4 Rd6 67. Rb4 Kf6 68. h5 Ke6 69. Ra4 Kf6 70. Rb4 Ke6 71. Ra4 1/2-1/2

[Event "TUN-ch rapid"]
[Site "Sousse"]
[Date "2018.11.25"]
[Round "9"]
[White "Meftahi, Houssem"]
[Black "Taieb, Sahbi"]
[Result "0-1"]
[WhiteElo "2133"]
[BlackElo "2086"]
[PlyCount "138"]
[EventDate "2018.11.24"]
[EventType "swiss (rapid)"]
[EventRounds "9"]
[EventCountry "TUN"]
[SourceTitle "CBM 187 Extra"]
[Source "ChessBase"]
[SourceDate "2018.11.04"]
[SourceVersion "1"]
[SourceVersionDate "2018.11.04"]
[SourceQuality "1"]

1. e4 c5 2. Nf3 a6 3. d3 Nc6 4. Nbd2 g6 5. g3 Bg7 6. Bg2 e6 7. 0-0 Nge7 8. Re1 d6 9. h3 Rb8 10. Nf1 b5 11. Ne3 Nd4 12. c3 Nxf3+ 13. Bxf3 b4 14. d4 bxc3 15. bxc3 cxd4 16. cxd4 0-0 17. Re2 Nc6 18. e5 Nxd4 19. Qxd4 Bxe5 20. Qa7 Bd7 21. Bb2 Rxb2 22. Rxb2 Bxb2 23. Rb1 Bg7 24. Qxa6 d5 25. Be2 d4 26. Nc4 e5 27. Qb7 Bxh3 28. a4 Bf5 29. Rd1 d3 30. Bf1 Qd4 31. Ne3 Be4 32. Qb5 Rd8 33. a5 h5 34. Qb6 Qxb6 35. axb6 Rb8 36. Nc4 Bd5 37. Bxd3 Bxc4 38. Bxc4 Rxb6 39. Kg2 Bf8 40. Rd7 Rf6 41. f3 Bb4 42. Bb3 Kg7 43. Kf2 g5 44. Kg2 Bc3 45. Bd5 Bd4 46. Be4 g4 47. Rc7 gxf3+ 48. Bxf3 Kg6 49. Be4+ Kg5 50. Rc2 Rb6 51. Rc8 f5 52. Rg8+ Rg6 53. Bd5 Rxg8 54. Bxg8 e4 55. Bb3 Be5 56. Ba2 Kg4 57. Bb3 Bxg3 58. Bd1+ Kh4 59. Be2 Be5 60. Bd1 Kg5 61. Ba4 h4 62. Kh3 Bg3 63. Kg2 Kg4 64. Bd1+ Kf4 65. Bh5 Ke3 66. Be8 f4 67. Bc6 f3+ 68. Kh1 Kf4 69. Bb5 e3 0-1

[Event "Olympiad-43"]
[Site "Batumi"]
[Date "2018.10.03"]
[Round "9.4"]
[White "Jimenez Garcia, Emanuel"]
[Black "Taieb, Sahbi"]
[Result "1-0"]
[WhiteElo "2290"]
[BlackElo "2146"]
[PlyCount "81"]
[EventDate "2018.09.24"]
[EventType "team-swiss"]
[EventRounds "11"]
[EventCountry "GEO"]
[SourceTitle "CBM 187"]
[Source "ChessBase"]
[SourceDate "2018.12.11"]
[SourceVersion "1"]
[SourceVersionDate "2018.12.11"]
[SourceQuality "1"]
[WhiteTeam "Costa Rica"]
[BlackTeam "Tunisia"]
[WhiteTeamCountry "CRI"]
[BlackTeamCountry "TUN"]

1. Nf3 Nf6 2. b3 g6 3. Bb2 Bg7 4. g3 0-0 5. Bg2 d6 6. d4 c6 7. 0-0 Bg4 8. Nbd2 Bxf3 9. Nxf3 Nbd7 10. c4 Re8 11. Qc2 Qc7 12. Rfd1 e5 13. e3 Rac8 14. Rac1 Qb8 15. dxe5 dxe5 16. Rd2 Nc5 17. Bh3 Nfe4 18. Rdd1 f5 19. b4 Ne6 20. Bg2 N6g5 21. Nxg5 Nxg5 22. Rd7 Ne6 23. Rcd1 Rcd8 24. c5 Qc8 25. R7d6 Rxd6 26. Rxd6 Bf8 27. Rd1 Bg7 28. Bf1 Rd8 29. Bc4 Rxd1+ 30. Qxd1 Kh8 31. Qd6 Ng5 32. f4 exf4 33. Bxg7+ Kxg7 34. Qe5+ Kh6 35. Qxf4 Qd7 36. h4 Qd1+ 37. Bf1 Qg4 38. hxg5+ Qxg5 39. b5 cxb5 40. Bg2 Qxf4 41. exf4 1-0

[Event "Monastir op"]
[Site "Monastir"]
[Date "2018.09.05"]
[Round "5"]
[White "Taieb, Sahbi"]
[Black "Mellah, Mohamed"]
[Result "1-0"]
[WhiteElo "2146"]
[BlackElo "1953"]
[PlyCount "71"]
[EventDate "2018.09.02"]
[EventType "swiss"]
[EventRounds "9"]
[EventCountry "TUN"]
[SourceTitle "EXT 2019"]
[Source "ChessBase"]
[SourceDate "2018.10.10"]
[SourceVersion "1"]
[SourceVersionDate "2018.10.10"]
[SourceQuality "1"]

1. e4 e5 2. Nf3 Nc6 3. d4 exd4 4. Bc4 Bc5 5. c3 Nf6 6. e5 d5 7. Bb5 Ne4 8. cxd4 Bb4+ 9. Nbd2 Bg4 10. Bxc6+ bxc6 11. Qa4 Bxd2+ 12. Nxd2 0-0 13. Qxc6 Nxd2 14. Bxd2 Rb8 15. b3 Rb6 16. Qc5 Rg6 17. Bf4 Bf5 18. Bg3 h5 19. h4 Be4 20. Rc1 c6 21. Rg1 Qd7 22. Rc3 Qf5 23. Re3 a6 24. Qc1 Rc8 25. Rc3 Bb1 26. Qf4 Qxf4 27. Bxf4 Bxa2 28. Kd2 Rg4 29. g3 Rb8 30. Kc2 a5 31. Ra1 a4 32. Rxa2 axb3+ 33. Rxb3 Rc8 34. Rab2 Kh7 35. Rb8 Rc7 36. R2b7 1-0

[Event "Monastir op"]
[Site "Monastir"]
[Date "2018.09.04"]
[Round "4"]
[White "Boudriga, Mohamed Ali"]
[Black "Taieb, Sahbi"]
[Result "1-0"]
[WhiteElo "2376"]
[BlackElo "2146"]
[PlyCount "83"]
[EventDate "2018.09.02"]
[EventType "swiss"]
[EventRounds "9"]
[EventCountry "TUN"]
[SourceTitle "EXT 2019"]
[Source "ChessBase"]
[SourceDate "2018.10.10"]
[SourceVersion "1"]
[SourceVersionDate "2018.10.10"]
[SourceQuality "1"]

1. d4 Nf6 2. Nf3 e6 3. e3 c5 4. Bd3 b6 5. Nbd2 Bb7 6. 0-0 Be7 7. b3 cxd4 8. exd4 0-0 9. c4 d6 10. Bb2 Nbd7 11. Re1 Re8 12. a3 Nf8 13. Bf1 Ng6 14. b4 Rc8 15. Qb3 Rc7 16. a4 a5 17. bxa5 bxa5 18. Bc3 Qa8 19. Qb6 Rc6 20. Qxa5 Ra6 21. Qb4 Bxf3 22. Nxf3 Rb8 23. Qa3 Ne4 24. Re3 Nxc3 25. Rxc3 Rab6 26. a5 Rb2 27. a6 Qa7 28. Ra2 Rb1 29. Nd2 R1b4 30. Rb3 Rxb3 31. Nxb3 e5 32. c5 dxc5 33. dxc5 Nf4 34. Qa4 Ne6 35. c6 Rb4 36. Qa3 Bf8 37. Nc1 Nc7 38. Qe3 Qxe3 39. fxe3 Bc5 40. Kf2 Ba7 41. Rd2 f5 42. Rd8+ 1-0

[Event "Algiers zt 4.1"]
[Site "Algiers"]
[Date "2017.05.12"]
[Round "1"]
[White "Douissa, Oussama"]
[Black "Taieb, Sahbi"]
[Result "1/2-1/2"]
[WhiteElo "2236"]
[BlackElo "2065"]
[PlyCount "60"]
[EventDate "2017.05.12"]
[EventType "swiss"]
[EventRounds "9"]
[EventCountry "ALG"]
[SourceTitle "CBM 178 Extra"]
[Source "ChessBase"]
[SourceDate "2017.06.22"]
[SourceVersion "1"]
[SourceVersionDate "2017.06.22"]
[SourceQuality "1"]

1. d4 e6 2. e4 d5 3. exd5 exd5 4. Nf3 Nf6 5. Nc3 Be7 6. Bb5+ Bd7 7. Bf4 0-0 8. 0-0 Bb4 9. Rb1 Nc6 10. Bxc6 Bxc6 11. Ne5 Bd7 12. Bg5 Be6 13. f4 a6 14. f5 Bc8 15. Ng4 Be7 16. Qe1 h6 17. Nxh6+ gxh6 18. Bxh6 Nh5 19. Bxf8 Bxf8 20. Kh1 Qg5 21. g4 Nf6 22. h4 Qg7 23. Qe5 Nxg4 24. Qf4 Bxf5 25. Qxf5 Ne3 26. Qf2 Nxf1 27. Rxf1 Qh7 28. Re1 Qh6 29. Rf1 Qh7 30. Re1 Qh6 1/2-1/2